=LDR 00000nam 2200000 4500 =001 INLIS000000000025829 =005 20130612124317 =008 ***********************************Ind** =035 ##$$0010-061300000025829 =041 ##$$a Ind =082 ##$$a 621 =090 ##$$a 621, Rac a =100 ##$$a Rachamanhadi =245 ##$$a Alat-alat berat dan penggunaannya, Rachamnhadi =260 ##$$a 21 cm $b Jakarta =300 ##$$a 596 hlm, 21 cm =650 ##$$a Alat berat =850 ##$$a NBPNMAT